|
|
|
|
| LEADER |
00000naa2a2200000 4500 |
| 001 |
131748 |
| 005 |
20231227113139.0 |
| 035 |
|
|
|a (RuTPU)RU\TPU\book\142678
|
| 090 |
|
|
|a 131748
|
| 100 |
|
|
|a 20080221d2007 k y0rusy50 ca
|
| 101 |
0 |
|
|a rus
|
| 102 |
|
|
|a RU
|
| 200 |
1 |
|
|a Кондукторометрический метод определения метаболической активности биокатализаторов
|f А. П. Асташкина, А. Ю. Яговкин, А. А. Бакибаев
|
| 320 |
|
|
|a Библиогр.: 3 назв.
|
| 463 |
|
0 |
|0 (RuTPU)RU\TPU\book\136429
|t Электрохимические методы анализа в контроле и производстве
|o материалы региональной научно-практической конференции, 29-30 октября 2007 г., Томск
|f Томский политехнический университет (ТПУ); Академия стандартизации, метрологии и сертификации (учебная), Томский филиал; под ред. Н. П. Пикула
|v С. 50-51
|d 2007
|p 77 с.
|
| 610 |
1 |
|
|a биокатализаторы
|
| 610 |
1 |
|
|a метаболическая активность
|
| 610 |
1 |
|
|a кондукторометрический метод
|
| 610 |
1 |
|
|a детекция клеток
|
| 610 |
1 |
|
|a электрические характеристики
|
| 610 |
1 |
|
|a труды учёных ТПУ
|
| 700 |
|
1 |
|a Асташкина
|b А. П.
|c химик
|c доцент Томского политехнического университета, кандидат химических наук
|f 1984-
|g Анна Павловна
|3 (RuTPU)RU\TPU\pers\28329
|9 13238
|
| 701 |
|
1 |
|a Яговкин
|b А. Ю.
|
| 701 |
|
1 |
|a Бакибаев
|b А. А.
|c химик
|c профессор Томского политехнического университета, доктор химических наук
|f 1960-
|g Абдигали Абдиманапович
|3 (RuTPU)RU\TPU\pers\27073
|
| 801 |
|
1 |
|a RU
|b 63413507
|c 20080221
|g PSBO
|
| 801 |
|
2 |
|a RU
|b 63413507
|c 20170206
|g RCR
|
| 942 |
|
|
|c BK
|